[Event "Championnat de France des Jeunes - Juni"]
[Site "TROYES"]
[Date "2010.04.14"]
[Round "5.1"]
[White "Lemarchand, Matthieu"]
[Black "Delorme, Axel"]
[Result "0-1"]
[WhiteElo "1833"]
[BlackElo "2429"]
[PlyCount "0"]

1. e4 c5 2. Nf3 Nc6 3. d4 cxd4 4. Nxd4 g6 5. Nc3 Bg7 6. Be3 Nf6 7. Bc4 Qa5 8.
O-O O-O 9. Bb3 d6 10. h3 Bd7 11. f4 Nxd4 12. Bxd4 Bc6 13. e5 dxe5 14. fxe5 Nd5
15. Qe2 Rad8 16. Rad1 Nxc3 17. Bxc3 Qc5+ 18. Qf2 Qxf2+ 19. Kxf2 Rfe8 20. Kg1 e6
21. Rfe1 b6 22. a3 Bf8 23. Bd4 Rd7 24. Be3 Red8 25. c4 Bc5 26. Bxc5 bxc5 27.
Kf2 Rd2+ 28. Rxd2 Rxd2+ 29. Re2 Rxe2+ 30. Kxe2 Bxg2 31. h4 f6 32. exf6 Kf7 33.
Bc2 a5 0-1

[Event "Championnat de France des Jeunes - Juni"]
[Site "TROYES"]
[Date "2010.04.14"]
[Round "5.2"]
[White "Blum, Nicolas"]
[Black "Migot, Tangi"]
[Result "1/2-1/2"]
[WhiteElo "2268"]
[BlackElo "2195"]
[Annotator "Rivier,Sylvain"]
[PlyCount "95"]

1. e4 c5 2. Nf3 d6 3. c3 Nf6 4. h3 g6 5. Bd3 Bg7 6. Bc2 O-O 7. O-O Nc6 8. d4
cxd4 9. cxd4 Qb6 10. Nc3 e5 11. d5 Nd4 12. Bd3 Nd7 13. Nxd4 exd4 14. Na4 Qd8
15. f4 f5 16. exf5 gxf5 17. b4 a6 18. Qc2 b5 19. Nb2 Nb6 20. a4 Bd7 21. axb5
axb5 22. Ra5 Rxa5 23. bxa5 Nxd5 24. Qb3 Qa8 25. Be2 Kh8 26. Bf3 Bc6 27. Nd3 Ne3
28. Nb4 Bxf3 29. Rxf3 Qxa5 30. Kh2 Nc4 31. Rg3 Qa4 32. Qb1 Qd1 33. Rd3 Qe1 34.
Nc2 Qe4 35. Qb3 Bf6 36. Rf3 Rb8 37. Qd3 Ra8 38. Qb3 Rb8 39. Na3 Rg8 40. Nxb5
Qe2 41. Rg3 Rxg3 42. Qxg3 Ne3 43. Bxe3 Qxb5 44. Bd2 Qe2 45. Qe1 Qe4 46. Qc1 Bg7
47. Kg1 d3 48. Qc7 {suite illisible} 1/2-1/2

[Event "Championnat de France des Jeunes - Juni"]
[Site "TROYES"]
[Date "2010.04.14"]
[Round "5.3"]
[White "Charrais, Kevin"]
[Black "Demuth, Adrien"]
[Result "0-1"]
[WhiteElo "1888"]
[BlackElo "2398"]
[PlyCount "56"]

1. b3 d5 2. Bb2 Bg4 3. f4 e6 4. Nf3 Bxf3 5. exf3 d4 6. d3 Nf6 7. Qd2 Nc6 8. Be2
Nd5 9. O-O Bc5 10. Rf2 h5 11. a3 h4 12. c4 dxc3 13. Nxc3 Be3 14. Qd1 Nxf4 15.
Bc1 Bxf2+ 16. Kxf2 Nxe2 17. Nxe2 Qd6 18. b4 Nd4 19. Nc3 Qxh2 20. Ne4 h3 21. Qf1
hxg2 22. Qxg2 Nb3 23. Rb1 Nxc1 24. Rxc1 O-O-O 25. Rc3 Qe5 26. Kf1 f5 27. f4
Qxf4+ 28. Nf2 Rh2 0-1

[Event "Championnat de France des Jeunes - Juni"]
[Site "TROYES"]
[Date "2010.04.14"]
[Round "5.4"]
[White "Valles, Manuel"]
[Black "Dubois, Pierre"]
[Result "1-0"]
[WhiteElo "2242"]
[BlackElo "1882"]
[PlyCount "81"]

1. d4 Nf6 2. Nf3 e6 3. e3 c5 4. Be2 d5 5. O-O Be7 6. dxc5 Bxc5 7. a3 O-O 8. b4
Bd6 9. Bb2 Re8 10. c4 e5 11. Nbd2 e4 12. Nd4 Nc6 13. cxd5 Ne5 14. Nb5 Neg4 15.
h3 Ne5 16. Nxd6 Qxd6 17. Nc4 Nxc4 18. Bxc4 Bd7 19. Qd4 Rec8 20. Rfc1 Nh5 21.
Be2 Nf6 22. Rxc8+ Rxc8 23. Bc4 b6 24. Rc1 h6 25. Rc3 Rc7 26. Bb3 Rxc3 27. Qxc3
Kf8 28. Qe5 Qxe5 29. Bxe5 Ne8 30. Bb8 a6 31. Ba7 b5 32. Bc5+ Kg8 33. Kh2 g5 34.
Be7 Kg7 35. g4 Nf6 36. Kg3 Bc8 37. f4 Bb7 38. d6 Bc6 39. h4 Bd7 40. Bxf6+ Kxf6
41. Bd5 1-0

[Event "Championnat de France des Jeunes - Juni"]
[Site "TROYES"]
[Date "2010.04.14"]
[Round "5.5"]
[White "Favarel, Antoine"]
[Black "Roubert, Emile"]
[Result "1-0"]
[WhiteElo "2231"]
[BlackElo "1925"]
[PlyCount "109"]

1. e4 e5 2. Nf3 Nc6 3. Bb5 a6 4. Bxc6 dxc6 5. d4 exd4 6. Qxd4 Qxd4 7. Nxd4 Bd7
8. O-O O-O-O 9. Be3 Bd6 10. Nd2 c5 11. N4b3 b6 12. Nc4 Bc6 13. f3 Be7 14. Rfd1
f6 15. Bf4 h5 16. Rxd8+ Kxd8 17. Rd1+ Kc8 18. Ne3 g5 19. Bg3 h4 20. Bf2 Bd6 21.
Nd2 Ne7 22. Ndc4 Rd8 23. g3 hxg3 24. Bxg3 Bxg3 25. Rxd8+ Kxd8 26. hxg3 Ng6 27.
Kf2 Kd7 28. Ng4 Ke6 29. Nce3 Ne7 30. Nh6 Be8 31. Nhg4 f5 32. exf5+ Nxf5 33.
Nxf5 Kxf5 34. Ke3 Bd7 35. Nf2 Be6 36. g4+ Kg6 37. a3 Bd5 38. f4 gxf4+ 39. Kxf4
a5 40. Nd3 c4 41. Ne5+ Kg7 42. c3 b5 43. Nf3 Kg6 44. Nd4 c6 45. Nf5 Bh1 46. Nd6
Bd5 47. Nb7 a4 48. Nd6 Bg2 49. Nf5 Bh1 50. g5 Kf7 51. Nd4 Kg6 52. Ne6 Bd5 53.
Ke5 Bh1 54. Kd6 Bd5 55. Nf4+ 1-0

[Event "Championnat de France des Jeunes - Juni"]
[Site "TROYES"]
[Date "2010.04.14"]
[Round "5.6"]
[White "Devallee, Jeremie"]
[Black "Stephan, Victor"]
[Result "0-1"]
[WhiteElo "2044"]
[BlackElo "2244"]
[Annotator "Rivier,Sylvain"]
[PlyCount "92"]

1. d4 Nf6 2. c4 c5 3. d5 b5 4. Qc2 Na6 5. a3 bxc4 6. e4 d6 7. Bxc4 Nc7 8. Nc3
g6 9. f4 Bg7 10. Nf3 O-O 11. O-O Rb8 12. e5 Bf5 13. Qe2 dxe5 14. Nxe5 Qd6 15.
Rd1 h5 16. h3 h4 17. Qe1 Nh5 18. Nc6 Rbe8 19. Qxh4 Bxc3 20. bxc3 e6 21. g4 exd5
22. Ne5 Bc2 23. Be2 Bxd1 24. Bxd1 Ng7 25. Qg3 d4 26. c4 Qe6 27. Bd2 Rb8 28. Bc2
Rb2 29. Rc1 Re8 30. Ba5 Na8 31. Be4 Qa6 32. Bd5 Qxa5 33. Bxf7+ Kf8 34. Bxe8
Nxe8 35. Nxg6+ Kg7 36. Ne5 Qd2 37. Re1 Nf6 38. Nf3 Qc2 39. f5 Rb1 40. Ng5 Nd7
41. f6+ Kg8 42. Qf4 Nf8 43. Rxb1 Qxb1+ 44. Kg2 Nb6 45. Ne4 Nxc4 46. f7+ Kg7 {
suite illisible} 0-1

[Event "Championnat de France des Jeunes - Juni"]
[Site "TROYES"]
[Date "2010.04.14"]
[Round "5.7"]
[White "Fougerit, Valentin"]
[Black "Moucheroud, Jeremy"]
[Result "0-1"]
[WhiteElo "2205"]
[BlackElo "2058"]
[PlyCount "62"]

1. e4 e5 2. Nf3 Nc6 3. Bb5 a6 4. Ba4 Nf6 5. d3 b5 6. Bb3 Be7 7. O-O O-O 8. a4
Rb8 9. axb5 axb5 10. Nc3 d6 11. h3 h6 12. Be3 Re8 13. Qd2 Bf8 14. Ra2 Be6 15.
Bxe6 fxe6 16. Qe2 d5 17. Bc1 b4 18. Nb1 b3 19. cxb3 Rxb3 20. Qc2 Rb6 21. Be3
Nb4 22. Qb3 d4 23. Bd2 Nxa2 24. Qxa2 Qa8 25. Na3 Nd7 26. g4 Qa6 27. Qc4 Bxa3
28. Qxa6 Rxa6 29. bxa3 Rxa3 30. Ne1 Ra2 31. Bc1 Rb8 0-1

[Event "Championnat de France des Jeunes - Juni"]
[Site "TROYES"]
[Date "2010.04.14"]
[Round "5.8"]
[White "Poey-Durut, Peio"]
[Black "Millon, Valentin"]
[Result "1/2-1/2"]
[WhiteElo "1995"]
[BlackElo "2080"]
[PlyCount "104"]

1. e4 c5 2. Nf3 e6 3. d3 d6 4. g3 Nc6 5. Bg2 Nf6 6. O-O Be7 7. Re1 O-O 8. c3 d5
9. e5 Nd7 10. d4 b5 11. Nbd2 a5 12. Nf1 b4 13. h4 Re8 14. N1h2 a4 15. Ng5 h6
16. Qh5 hxg5 17. hxg5 cxd4 18. Ng4 Ndxe5 19. Rxe5 Nxe5 20. Nxe5 Rf8 21. Nxf7
Rxf7 22. g6 Bf6 23. gxf7+ Kf8 24. cxd4 Qc7 25. Bd2 Qxf7 26. Bxb4+ Kg8 27. Qxf7+
Kxf7 28. Bc5 Rb8 29. Rb1 Ba6 30. Bf1 Bc4 31. Bxc4 dxc4 32. Rc1 Rxb2 33. a3 Rb8
34. Rxc4 Ra8 35. Rb4 Kg6 36. Kg2 Kf5 37. Kf3 Ra5 38. g4+ Kg5 39. Bd6 Kg6 40.
Bf4 Be7 41. Rb6 Bxa3 42. Rxe6+ Kf7 43. Rb6 Be7 44. Rb7 a3 45. Bd6 a2 46. Rxe7+
Kf6 47. Re1 a1=Q 48. Rxa1 Rxa1 49. Be5+ Kf7 50. g5 Re1 51. Kg4 g6 52. Bf6 Ke6
1/2-1/2

[Event "Championnat de France des Jeunes - Juni"]
[Site "TROYES"]
[Date "2010.04.14"]
[Round "5.9"]
[White "Younes, Jean-Francois"]
[Black "Levitt, Olivier"]
[Result "1-0"]
[WhiteElo "1777"]
[BlackElo "2004"]
[PlyCount "39"]

1. c4 e5 2. Nf3 Nc6 3. d3 Nf6 4. Nc3 d5 5. cxd5 Nxd5 6. g3 Bb4 7. Bd2 Be6 8.
Bg2 O-O 9. O-O f6 10. Ne4 Nd4 11. Nxd4 exd4 12. Bxb4 Nxb4 13. Qa4 Na6 14. b4 c6
15. b5 cxb5 16. Qxb5 Rb8 17. Rfc1 Qd7 18. Qxd7 Bxd7 19. Nd6 b6 20. Bd5+ 1-0

[Event "Championnat de France des Jeunes - Juni"]
[Site "TROYES"]
[Date "2010.04.14"]
[Round "5.10"]
[White "Morlino, Jean-Baptiste"]
[Black "Bressac, Stephane"]
[Result "1-0"]
[WhiteElo "2013"]
[BlackElo "2197"]
[PlyCount "79"]

1. e4 e6 2. d4 d5 3. Nd2 Nc6 4. c3 e5 5. dxe5 dxe4 6. Bb5 Qd5 7. Qb3 Qxe5 8.
Bxc6+ bxc6 9. Qc4 Qd5 10. Qxe4+ Be6 11. Ngf3 Nf6 12. Qa4 Bd6 13. O-O O-O 14.
Re1 a5 15. Ne4 Nxe4 16. Rxe4 Bf5 17. Rd4 Qe6 18. Bf4 Bc5 19. Rc4 Bb6 20. Re1
Qd5 21. Qxc6 Be6 22. Qxd5 Bxd5 23. Ra4 Rfe8 24. c4 Rxe1+ 25. Nxe1 Re8 26. Be3
Re4 27. b3 Bc6 28. Ra3 f5 29. Nc2 Rg4 30. g3 Bf3 31. c5 Ba7 32. Rxa5 Bb8 33.
Nd4 Bd5 34. Nxf5 Re4 35. b4 Kf7 36. Nd4 c6 37. Ra6 h5 38. Nxc6 Rc4 39. Nxb8
Rxb4 40. Rb6 1-0

[Event "Championnat de France - Juniors Filles"]
[Site "TROYES"]
[Date "2010.04.14"]
[Round "4.1"]
[White "Richard, Emma"]
[Black "Vinckier, Delphine"]
[Result "0-1"]
[WhiteElo "2116"]
[BlackElo "1811"]
[PlyCount "118"]

1. e4 e5 2. Nf3 Nc6 3. Bb5 Nf6 4. O-O Nxe4 5. d4 Nd6 6. dxe5 Nxb5 7. a4 Nbd4 8.
Nxd4 Nxd4 9. Qxd4 d5 10. Nc3 c6 11. f4 Bf5 12. Qd1 Bc5+ 13. Kh1 h5 14. Ne2 h4
15. Nd4 Be4 16. Kg1 Qd7 17. c3 a5 18. Be3 O-O-O 19. b4 axb4 20. cxb4 Bxb4 21.
Nb3 Bc3 22. Nc5 Qe7 23. Rc1 Bb2 24. Qg4+ Kb8 25. Rcd1 f5 26. Qe2 Ba3 27. Nxe4
fxe4 28. a5 Bc5 29. a6 b6 30. Kh1 Bxe3 31. Qxe3 Ka7 32. Rb1 Rb8 33. Rfc1 Rhc8
34. Qd4 g6 35. Rb3 Qd7 36. Rcb1 c5 37. Qb2 Rc6 38. Qe2 Qe6 39. Rh3 Qe7 40. Qg4
d4 41. f5 gxf5 42. Qxf5 Rf6 43. Qxe4 Re6 44. Rxh4 Rxe5 45. Qb7+ Qxb7 46. axb7
Rf5 47. h3 Kxb7 48. Kh2 d3 49. Rd1 Rd5 50. Re4 Rbd8 51. Kg1 Rd4 52. Re7+ R8d7
53. Rxd7+ Rxd7 54. Kf1 c4 55. Ke1 c3 56. Ra1 Re7+ 57. Kd1 Re2 58. Ra3 c2+ 59.
Kc1 Re1+ 0-1

[Event "Championnat de France - Juniors Filles"]
[Site "TROYES"]
[Date "2010.04.14"]
[Round "4.2"]
[White "Peyre, Camille"]
[Black "Esposito, Julie"]
[Result "0-1"]
[WhiteElo "1931"]
[BlackElo "1767"]
[PlyCount "73"]

1. d4 Nf6 2. c4 g6 3. Nc3 Bg7 4. e4 d6 5. Be2 O-O 6. Bg5 c5 7. d5 b5 8. cxb5 a6
9. a4 Qa5 10. Bd2 Qb4 11. Qc2 axb5 12. Bxb5 Ba6 13. Bxa6 Nxa6 14. Nge2 Rfb8 15.
Rb1 Qb3 16. Qxb3 Rxb3 17. f3 Nc7 18. Nc1 Rb7 19. O-O Nd7 20. N1e2 Bd4+ 21. Kh1
c4 22. Rfe1 Rab8 23. Bc1 Nc5 24. Rd1 Nd3 25. Rd2 Bg7 26. Rc2 e6 27. Nd1 exd5
28. exd5 Nxd5 29. Rxc4 Nxc1 30. Rbxc1 Bxb2 31. Nxb2 Rxb2 32. Nc3 Ne3 33. Rd4
Nxg2 34. Rxd6 Nh4 35. Rf6 Rf2 36. Ne4 Ra2 37. Nc3 0-1

[Event "Championnat de France - Juniors Filles"]
[Site "TROYES"]
[Date "2010.04.14"]
[Round "4.3"]
[White "Armas, Lara-Maria"]
[Black "Bartolo, Alexia"]
[Result "1-0"]
[WhiteElo "2008"]
[BlackElo "1553"]
[PlyCount "137"]

1. d4 d5 2. c4 c6 3. Nc3 Nf6 4. Bg5 Nbd7 5. e3 e6 6. Nf3 Qb6 7. Qc2 c5 8. Be2
Ne4 9. Bh4 Nxc3 10. bxc3 Bd6 11. O-O O-O 12. Ng5 g6 13. f4 Qc7 14. a4 dxc4 15.
Bxc4 Nb6 16. Bd3 cxd4 17. cxd4 Qxc2 18. Bxc2 Nd5 19. Kf2 f6 20. Ne4 Bb4 21. Ke2
b6 22. Be1 Bb7 23. Rc1 Rac8 24. Bxb4 Nxb4 25. Bb1 Ba6+ 26. Kd2 Bxf1 27. Rxf1 e5
28. dxe5 fxe5 29. g3 h6 30. h4 Rcd8+ 31. Ke2 Na6 32. Ba2+ Kg7 33. a5 Nc5 34.
Nc3 Rd3 35. Nb5 Rfd8 36. Bb1 Rd2+ 37. Kf3 a6 38. Nc3 b5 39. Na2 e4+ 40. Kg4 h5+
41. Kh3 Kf6 42. g4 hxg4+ 43. Kxg4 Rg2+ 44. Kh3 Rdd2 45. Rh1 Rge2 46. Rg1 Rxe3+
47. Kg4 Ra3 48. h5 gxh5+ 49. Kxh5 Kf5 50. Rg5+ Kxf4 51. Rxc5 Rxa5 52. Nc3 Rh2+
53. Kg6 Rg2+ 54. Kh5 e3 55. Rf5+ Kg3 56. Rg5+ Kf3 57. Be4+ Kf2 58. Rxg2+ Ke1
59. Re2+ Kf1 60. Rxe3 b4+ 61. Nd5 Ra3 62. Bd3+ Kf2 63. Re2+ Kf3 64. Rd2 a5 65.
Bb1 Rb3 66. Ba2 Ra3 67. Rb2 Ke4 68. Kg4 Rxa2 69. Nf6+ 1-0

[Event "Championnat de France - Juniors Filles"]
[Site "TROYES"]
[Date "2010.04.14"]
[Round "4.4"]
[White "Forestier, Carole"]
[Black "Mallard, Ophelie"]
[Result "1-0"]
[WhiteElo "2127"]
[BlackElo "1670"]
[PlyCount "53"]

1. d4 Nf6 2. c4 g6 3. Nc3 Bg7 4. e4 d6 5. f4 O-O 6. Nf3 c5 7. d5 e6 8. Be2 exd5
9. cxd5 Na6 10. e5 Ne8 11. O-O Nac7 12. Be3 b6 13. Qd2 Bb7 14. Rad1 Qe7 15. Bc4
Rd8 16. a4 Kh8 17. Qf2 dxe5 18. fxe5 Bxe5 19. Nxe5 Qxe5 20. Bf4 Qf5 21. Qh4 Qd7
22. Bg5 Rb8 23. Be7 Ng7 24. Ne4 Nh5 25. Rd3 Rbe8 26. d6 Bxe4 27. Qxe4 1-0

[Event "Championnat de France - Juniors Filles"]
[Site "TROYES"]
[Date "2010.04.14"]
[Round "4.5"]
[White "Belier, Marie"]
[Black "Sanchez, Amelie"]
[Result "0-1"]
[WhiteElo "1430"]
[BlackElo "1860"]
[PlyCount "77"]

1. d4 Nf6 2. c4 e5 3. dxe5 Ng4 4. Nf3 Bc5 5. e3 Nc6 6. Nc3 Ngxe5 7. b3 d6 8.
Bb2 Bf5 9. Nxe5 Nxe5 10. Be2 Qg5 11. O-O Bh3 12. Bf3 f5 13. Bxb7 c6 14. Bxc6+
Nxc6 15. Qd5 Kd7 16. Rfd1 Ne7 17. Qb7+ Ke6 18. g3 Rab8 19. Qh1 Bg4 20. Rd3 Qh5
21. e4 Rhf8 22. exf5+ Qxf5 23. Qe4+ Qxe4 24. Nxe4 g6 25. Nxc5+ dxc5 26. Re1+
Kf7 27. Ba3 Rbc8 28. Re5 Rfe8 29. Bxc5 Nc6 30. Rxe8 Rxe8 31. f3 Bf5 32. Rd6 Ne5
33. f4 Nd3 34. Bxa7 Re1+ 35. Kg2 Re2+ 36. Kf3 Rxa2 37. g4 Ne1+ 38. Kg3 Rg2+ 39.
Kh3 0-1

[Event "Championnat de France - Juniors Filles"]
[Site "TROYES"]
[Date "2010.04.14"]
[Round "4.6"]
[White "Le Berre, Tennessee"]
[Black "Langlet, Stephanie"]
[Result "1-0"]
[WhiteElo "1799"]
[BlackElo "1470"]
[PlyCount "63"]

1. e4 e5 2. d4 exd4 3. Nf3 Nc6 4. Nxd4 Bc5 5. Be3 Qf6 6. c3 Nge7 7. Bc4 O-O 8.
O-O a6 9. f4 Nxd4 10. cxd4 Ba7 11. Nc3 b5 12. Bb3 Bb7 13. Bc2 Nc6 14. Nd5 Qd8
15. Qd3 Ne7 16. Nxe7+ Qxe7 17. e5 g6 18. f5 Qh4 19. Rf4 Qg5 20. Rf3 Qh5 21. Rg3
Kh8 22. Bg5 Bd5 23. Bb1 Bc4 24. Qd2 Qxg5 25. Rxg5 f6 26. exf6 Rxf6 27. Bc2 Raf8
28. b4 Bd5 29. fxg6 hxg6 30. Rxd5 d6 31. Qh6+ Kg8 32. Bxg6 1-0

[Event "Championnat de France des Jeunes - Cade"]
[Site "TROYES"]
[Date "2010.04.14"]
[Round "5.1"]
[White "Buscara, Sevan"]
[Black "Ludwig, Remi"]
[Result "0-1"]
[WhiteElo "2238"]
[BlackElo "2200"]
[PlyCount "0"]

1. d4 Nf6 2. Bf4 d5 3. e3 e6 4. Nd2 c5 5. c3 Nc6 6. Ngf3 Be7 7. Bd3 Nh5 8. Be5
Nxe5 9. dxe5 g6 10. Qe2 Bd7 11. h4 Ng7 12. e4 Qc7 13. Nf1 Bc6 14. Ng3 h5 15.
O-O-O O-O-O 16. Kb1 Kb8 17. Qe3 Rd7 18. exd5 Bxd5 19. Be4 Rhd8 20. Bxd5 Rxd5
21. Rc1 c4 22. Qf4 Bc5 23. Ne4 Bf8 24. Nf6 Rd3 25. Nh7 Bc5 26. Rhf1 b5 27. Nhg5
Nf5 28. Ne4 Be7 29. Ng3 Bc5 30. Ne4 Bf8 31. Neg5 Qb7 32. Rfe1 b4 33. Qxc4 bxc3
34. Qb3 cxb2 35. Qxb2 Qxb2+ 36. Kxb2 Ba3+ 37. Kc2 Bxc1 38. Rxc1 R3d7 39. Rb1+
Kc8 40. Rb4 Rc7+ 41. Kb2 Rdd7 42. Ka3 Rb7 43. Ne4 Rxb4 44. Kxb4 Kd8 45. Kc5
Rd5+ 46. Kc6 Nd4+ 47. Nxd4 Rxd4 48. Nd6 Rxh4 49. Nxf7+ Ke7 50. Nd6 Ra4 51. Nc8+
Kd8 52. Nd6 Rxa2 53. Nf7+ Ke7 54. Nh8 Rxf2 55. Nxg6+ Kf7 56. Nh4 Re2 57. Kb7 a5
58. Nf3 a4 59. Kc6 a3 60. Kd7 Rxg2 0-1

[Event "Championnat de France des Jeunes - Cade"]
[Site "TROYES"]
[Date "2010.04.14"]
[Round "5.2"]
[White "Dubessay, Bastien"]
[Black "Dionisi, Thomas"]
[Result "0-1"]
[WhiteElo "2212"]
[BlackElo "2142"]
[PlyCount "78"]

1. d4 g6 2. c4 Bg7 3. Nc3 d6 4. e4 e5 5. Nge2 exd4 6. Nxd4 Ne7 7. Be3 Nbc6 8.
h4 f5 9. h5 O-O 10. hxg6 hxg6 11. exf5 Nxf5 12. Nxf5 Bxf5 13. Qd2 Qd7 14. O-O-O
Nb4 15. c5 Qf7 16. Rh4 a5 17. Rf4 Be5 18. Bc4 Bxf4 19. Bxf7+ Rxf7 20. Rh1 Nd3+
21. Kd1 Bxe3 22. Qxe3 Nxf2+ 23. Kc1 Nxh1 24. g4 Bxg4 25. cxd6 cxd6 26. Qe4 Nf2
27. Qxg6+ Rg7 28. Qxd6 Bf5 29. Qd5+ Rf7 30. Qg2+ Ng4 31. b3 Rc8 32. Kb2 b5 33.
Qd5 b4 34. Ne4 Rc2+ 35. Kb1 Rd2 36. Qa8+ Rf8 37. Qa6 Bxe4+ 38. Kc1 Rc2+ 39. Kd1
Ne3+ 0-1

[Event "Championnat de France des Jeunes - Cade"]
[Site "TROYES"]
[Date "2010.04.14"]
[Round "5.3"]
[White "Massoni, Michael"]
[Black "Grandadam, Nicolas"]
[Result "1/2-1/2"]
[WhiteElo "2292"]
[BlackElo "2232"]
[PlyCount "54"]

1. e4 c5 2. Nf3 d6 3. d4 cxd4 4. Nxd4 Nf6 5. Nc3 a6 6. Be2 g6 7. O-O Bg7 8. Kh1
O-O 9. f4 Nbd7 10. Be3 Qc7 11. a4 e5 12. Nb3 b6 13. fxe5 dxe5 14. Bg5 Bb7 15.
Bd3 h6 16. Bh4 Nh5 17. Nd5 Bxd5 18. exd5 Qd6 19. Qe2 Nf4 20. Rxf4 exf4 21. Be7
Qxd5 22. Bxf8 Nxf8 23. Re1 Qd6 24. Nd2 Rd8 25. b3 Ne6 26. Ne4 Qb4 27. Bxa6 Nc5
1/2-1/2

[Event "Championnat de France des Jeunes - Cade"]
[Site "TROYES"]
[Date "2010.04.14"]
[Round "5.4"]
[White "Silva, Francis"]
[Black "Song, Julien"]
[Result "0-1"]
[WhiteElo "2064"]
[BlackElo "2329"]
[PlyCount "118"]

1. d4 e6 2. c4 Nf6 3. Nc3 d5 4. cxd5 exd5 5. Bg5 c6 6. e3 Be7 7. Qc2 Nbd7 8.
Bd3 O-O 9. Nge2 Re8 10. O-O Nf8 11. Rae1 Nh5 12. Bxe7 Qxe7 13. Kh1 Qh4 14. b4
Nf6 15. Ng1 Ng6 16. b5 Bd7 17. bxc6 Bxc6 18. f3 Qh6 19. Qf2 Re7 20. e4 dxe4 21.
fxe4 Rd8 22. d5 Bd7 23. Qe3 Qxe3 24. Rxe3 Ne5 25. Bb1 b5 26. h3 b4 27. Nd1 Nc4
28. Re2 Rde8 29. Bd3 Nd6 30. Kh2 Nfxe4 31. Rfe1 f5 32. Nf3 g6 33. Nf2 Kf8 34.
Bxe4 Nxe4 35. Nd3 Bb5 36. d6 Nxd6 37. Rxe7 Rxe7 38. Rxe7 Kxe7 39. Nxb4 Ne4 40.
Nd4 a6 41. a4 Bc4 42. Ndc6+ Kd6 43. Nb8 Nc5 44. a5 Bb5 45. Kg3 Kc7 46. N8xa6+
Nxa6 47. Nd5+ Kd6 48. Nf6 h6 49. Ng8 h5 50. Kf4 Ke6 51. Nh6 Kf6 52. Ng8+ Kf7
53. Nh6+ Kg7 54. Kg5 Bf1 55. g4 fxg4 56. hxg4 h4 57. Nf5+ gxf5 58. Kf4 h3 59.
Kg3 f4+ 0-1

[Event "Championnat de France des Jeunes - Cade"]
[Site "TROYES"]
[Date "2010.04.14"]
[Round "5.5"]
[White "Louis, Thibault"]
[Black "Ollier, Pablo"]
[Result "0-1"]
[WhiteElo "2012"]
[BlackElo "2294"]
[PlyCount "86"]

1. e4 e6 2. d4 d5 3. Nc3 Bb4 4. exd5 exd5 5. Bd3 Nc6 6. a3 Bxc3+ 7. bxc3 Qf6 8.
Rb1 b6 9. Ne2 Nge7 10. Bf4 Bf5 11. Bxc7 Rc8 12. Bg3 Bxd3 13. Qxd3 Na5 14. O-O
O-O 15. Rfe1 Ng6 16. Qa6 Qc6 17. Qxa7 Nc4 18. Qa6 Ra8 19. Qb5 Qb7 20. a4 Ra5
21. Qb4 Rfa8 22. Ra1 Qd7 23. h3 b5 24. Nf4 Nxf4 25. Bxf4 h6 26. Re7 Qf5 27. Bc7
Rxa4 28. Rxa4 bxa4 29. Qb7 Rf8 30. Qb1 a3 31. Bg3 Ra8 32. Qa2 Qg5 33. Rb7 Qc1+
34. Kh2 Re8 35. Rb5 Re1 36. Bc7 Rh1+ 37. Kg3 Qg5+ 38. Kf3 Qf5+ 39. Kg3 Nd2 40.
f3 Qg5+ 41. Kf2 Rf1+ 42. Ke2 Qxg2+ 43. Kd3 Rxf3# 0-1

[Event "Championnat de France des Jeunes - Cade"]
[Site "TROYES"]
[Date "2010.04.14"]
[Round "5.6"]
[White "Iwanesko, Alexandre"]
[Black "Mahiouz, Oualid"]
[Result "0-1"]
[WhiteElo "2222"]
[BlackElo "2059"]
[PlyCount "144"]

1. e4 c5 2. Nf3 d6 3. d4 cxd4 4. Nxd4 Nf6 5. Nc3 a6 6. g3 e5 7. Nb3 Be7 8. a4
Be6 9. Bg2 Nbd7 10. O-O Rc8 11. Re1 Nb6 12. a5 Nc4 13. Nd5 Nxd5 14. exd5 Bf5
15. c3 O-O 16. Bf1 Qd7 17. Nd2 Nxd2 18. Bxd2 Bg6 19. c4 f5 20. Rc1 h5 21. Bh3
h4 22. b4 Qe8 23. Be3 Bh5 24. Qb3 hxg3 25. hxg3 Qg6 26. Bb6 Bg4 27. Bg2 Bg5 28.
Rc2 f4 29. Rc3 f3 30. Rxf3 Bxf3 31. Bxf3 Rxf3 32. Qxf3 Rxc4 33. Qb3 Qc2 34. Qf3
Qc3 35. Qxc3 Rxc3 36. Re4 Bd2 37. Kg2 Rb3 38. Rc4 Rxb4 39. Rc2 Be1 40. Rc1 Bd2
41. Rc2 Bg5 42. Rc7 Rb5 43. Rxb7 Bd2 44. Ra7 Bxa5 45. Bxa5 Rxa5 46. Kf3 Rxd5
47. Rxa6 Rd4 48. Ke3 Kf7 49. f4 Ke6 50. fxe5 Kxe5 51. Ra5+ Rd5 52. Ra8 Rb5 53.
Re8+ Kf5 54. Kf3 Rb3+ 55. Kf2 g5 56. Re2 Rb4 57. Rd2 Ke5 58. Kf3 g4+ 59. Kf2 d5
60. Rc2 Re4 61. Rd2 d4 62. Ra2 Kd5 63. Ra4 Kc5 64. Ra1 Kc4 65. Ra4+ Kb3 66. Ra8
d3 67. Rc8 d2 68. Rb8+ Kc3 69. Rc8+ Kd3 70. Rd8+ Rd4 71. Rxd4+ Kxd4 72. Ke2 Ke4
0-1

[Event "Championnat de France des Jeunes - Cade"]
[Site "TROYES"]
[Date "2010.04.14"]
[Round "5.7"]
[White "Billon, Olivier"]
[Black "Naudion, Gregoire"]
[Result "1/2-1/2"]
[WhiteElo "2084"]
[BlackElo "2026"]
[PlyCount "71"]

1. e4 g6 2. d4 Bg7 3. Nc3 c6 4. Nf3 d5 5. h3 dxe4 6. Nxe4 Nd7 7. Bd3 Ngf6 8.
Nxf6+ Nxf6 9. O-O O-O 10. Bg5 b6 11. Qd2 c5 12. dxc5 bxc5 13. Bh6 Bb7 14. Bxg7
Kxg7 15. Qe3 Qc7 16. b3 Nd5 17. Qe1 Nf4 18. Be4 f6 19. Bxb7 Qxb7 20. Qe3 e5 21.
Kh2 Qc7 22. g3 Ne6 23. c3 Rad8 24. Rfd1 Rd6 25. Rxd6 Qxd6 26. Re1 Rd8 27. Re2
Qd3 28. Nd4 Qa6 29. Nxe6+ Qxe6 30. Qxc5 Rd7 31. c4 a6 32. b4 Qf5 33. Qe3 Rd3
34. Qa7+ Rd7 35. Qe3 Rd3 36. Qa7+ 1/2-1/2

[Event "Championnat de France des Jeunes - Cade"]
[Site "TROYES"]
[Date "2010.04.14"]
[Round "5.8"]
[White "Youssoupov, Moisse"]
[Black "Mouhamad, Joachin"]
[Result "1-0"]
[WhiteElo "1957"]
[BlackElo "2082"]
[PlyCount "85"]

1. d4 d6 2. Nf3 g6 3. e4 Bg7 4. Nc3 c6 5. a4 Nd7 6. Bc4 h6 7. O-O e5 8. dxe5
dxe5 9. Qe2 Qe7 10. b3 Nb6 11. Ba3 Qc7 12. Nd2 Ne7 13. a5 Nd7 14. Rfd1 Bf6 15.
Qf3 Rh7 16. Bf1 Ng8 17. Nc4 Be7 18. Nd6+ Kf8 19. Bc4 Ngf6 20. h4 b5 21. Bf1 Rb8
22. Nb1 a6 23. c4 c5 24. Nxc8 Qxc8 25. cxb5 axb5 26. Bb2 Qc6 27. Nc3 Kg7 28. a6
c4 29. a7 Ra8 30. Nd5 Nxd5 31. exd5 Qb7 32. bxc4 bxc4 33. d6 Qxf3 34. gxf3 Bxh4
35. Bxc4 Bf6 36. Bd5 Rhh8 37. Rdc1 Nb6 38. Bxa8 Nxa8 39. d7 Rd8 40. Rc8 g5 41.
Rac1 Rxd7 42. Rxa8 Kg6 43. Rg8+ 1-0

[Event "Championnat de France des Jeunes - Cade"]
[Site "TROYES"]
[Date "2010.04.14"]
[Round "5.9"]
[White "Gertosio, Franck"]
[Black "Duboue, Peio"]
[Result "0-1"]
[WhiteElo "2068"]
[BlackElo "1986"]
[PlyCount "64"]

1. e4 e5 2. Nf3 Nc6 3. d4 exd4 4. Nxd4 Nf6 5. Nxc6 bxc6 6. e5 Qe7 7. Qe2 Nd5 8.
c4 Ba6 9. b3 g6 10. Qe4 f5 11. Qd4 Nb4 12. Qc3 Bg7 13. f4 c5 14. Nd2 Bb7 15.
Bb2 O-O 16. a3 Nc6 17. Nf3 a5 18. O-O-O a4 19. h4 Ra6 20. h5 Rb6 21. bxa4 Rb8
22. hxg6 hxg6 23. a5 Nxa5 24. Qxa5 Bxf3 25. gxf3 Rxb2 26. Bd3 d6 27. Rdg1 Qf7
28. Qc3 dxe5 29. fxe5 R2b3 30. Qd2 Rd8 31. Qe2 Rdxd3 32. e6 Qf6 0-1

[Event "Championnat de France des Jeunes - Cade"]
[Site "TROYES"]
[Date "2010.04.14"]
[Round "5.10"]
[White "Muller, Anthony"]
[Black "Bertrand, Quentin"]
[Result "0-1"]
[WhiteElo "1930"]
[BlackElo "2063"]
[PlyCount "60"]

1. c4 e5 2. g3 Nc6 3. Bg2 Nf6 4. Nc3 Bc5 5. e3 d5 6. cxd5 Nb4 7. d4 exd4 8.
exd4 Be7 9. Nge2 Nbxd5 10. O-O O-O 11. Nf4 Nxf4 12. Bxf4 Bd6 13. Bg5 h6 14.
Bxf6 Qxf6 15. Ne4 Qg6 16. Nxd6 Qxd6 17. d5 b6 18. Qc2 Bb7 19. Rac1 Rac8 20.
Rfd1 f5 21. Qc4 Rf7 22. Re1 Rd8 23. Re6 Qd7 24. Rd1 b5 25. Qd4 a6 26. Qe5 c6
27. d6 Bc8 28. Rg6 Kh7 29. g4 Kxg6 30. gxf5+ Kh7 0-1